000 00773nam a22001697a 4500
005 20251108165530.0
008 250721s1983 xx 000 0 ara d
082 1 4 _aم/413.028/دور
111 2 _aالدورة التدريبية في صناعة المعجم العربي للناطقين باللغات أخرى ( 1981 : الرباط )
245 1 0 _aصناعة المعجم العربي لغير الناطقين بالعربية :
_bأبحاث الدورة التدريبية /
264 1 _aالرباط :
_bالمنظمة العربية للتربية و الثقافة و العلوم - مكتب تنسيق التعريب،
_c1983.
300 _a276ص
650 1 7 _aاللغة العربية
650 1 7 _aالقواميس
942 _2ddc
_cREF
999 _c30125
_d30125